Urpi (Record no. 64274)

MARC details
000 -LEADER
campo de control de longitud fija 00722nam a2200205 i 4500
001 - NÚMERO DE CONTROL
campo de control 64274
003 - IDENTIFICADOR DE NÚMERO DE CONTROL
campo de control ES-MaACL
005 - FECHA Y HORA DE LA ÚLTIMA TRANSACCIÓN
campo de control 20230906165104.0
007 - CAMPO FIJO DE DESCRIPCIÓN FÍSICA--INFORMACIÓN GENERAL
campo de control de longitud fija t|
008 - DATOS DE LONGITUD FIJA--INFORMACIÓN GENERAL
campo de control de longitud fija 031223s1945 pe ||||1| spa d
100 1# - ENTRADA PRINCIPAL--NOMBRE DE PERSONA
Nombre de persona Florián, Mario.
9 (RLIN) 51328
245 10 - MENCIÓN DEL TÍTULO
Título Urpi
Resto del título : (canciones neo-keshwas) /
Mención de responsabilidad, etc. Mario Florián. Puna : (poemas)/ Luis de Rodrigo. Charango : (romancero cholo) / Luis Nieto.
260 ## - PUBLICACIÓN, DISTRIBUCIÓN, ETC.
Lugar de publicación, distribución, etc. Lima :
Nombre del editor, distribuidor, etc. [Dirección de Educación Artística y Extensión Cultural],
Fecha de publicación, distribución, etc. 1945 (
Fabricante imp. Ministerio de Educacion Pública)
300 ## - DESCRIPCIÓN FÍSICA
Extensión 236 p. :
Otras características físicas il. ;
Dimensiones 27 cm.
700 1# - ENTRADA AGREGADA--NOMBRE PERSONAL
Nombre de persona Rodrigo, Luis de.
9 (RLIN) 98176
700 1# - ENTRADA AGREGADA--NOMBRE PERSONAL
Nombre de persona Nieto, Luis.
9 (RLIN) 85663
740 0# - ENTRADA AGREGADA--TÍTULO RELACIONADO/ANALÍTICO NO CONTROLADO
Título relacionado o analítico no controlado Puna.
740 0# - ENTRADA AGREGADA--TÍTULO RELACIONADO/ANALÍTICO NO CONTROLADO
Título relacionado o analítico no controlado Charango.
852 ## - LOCALIZACIÓN
Ubicación ES-MaACL
Número de control de estantería B-12785
Sublocalización o colección R.26591
Holdings
Estatus retirado Estado de pérdida Estado de daño No para préstamo Biblioteca de origen Biblioteca actual Ubicación en estantería Fecha de adquisición Fuente de adquisición Total de préstamos Signatura topográfica completa Código de barras Visto por última vez Precio de reemplazo Tipo de ítem Koha
        Biblioteca del Ateneo de Madrid Biblioteca del Ateneo de Madrid Sala Pardo Bazán 17/01/2008     B-12785 1067354 23/02/2023 23/02/2023 Libro impreso